The Sultan of the saints: mystical life and teaching of Shaikh Syed Abdul Qadir Jilani (Record no. 7180)

000 -LEADER
fixed length control field 00531 a2200145 4500
020 ## - INTERNATIONAL STANDARD BOOK NUMBER
International Standard Book Number 9698510168
035 ## - SYSTEM CONTROL NUMBER
System control number (DLC) 00312982
040 ## - CATALOGING SOURCE
Original cataloging agency DLC
082 ## - DEWEY DECIMAL CLASSIFICATION NUMBER
Classification number 297.48092
Author Mark QAD
245 14 - TITLE STATEMENT
Title The Sultan of the saints: mystical life and teaching of Shaikh Syed Abdul Qadir Jilani
Remainder of title mystical life and teaching of Shaikh Syed Abdul Qadir Jilani
Statement of responsibility, etc. Muhammad Riaz Qadiri.
260 ## - PUBLICATION, DISTRIBUTION, ETC.
Place of publication, distribution, etc. Gujranwala :
Name of publisher, distributor, etc. Abbasi Pablications,
Date of publication, distribution, etc. 2000.
300 ## - PHYSICAL DESCRIPTION
Extent xii, 380 p. :
Other physical details col. ill. ;
Dimensions 22 cm.
650 #0 - SUBJECT ADDED ENTRY--TOPICAL TERM
Topical term or geographic name entry element Sufis
9 (RLIN) 107691
942 ## - ADDED ENTRY ELEMENTS (KOHA)
Koha item type Book
Call number prefix 297.4092 QAD
Source of classification or shelving scheme
Holdings
Withdrawn status Lost status Source of classification or shelving scheme Damaged status Not for loan Permanent Location Current Location Shelving location Date acquired Source of acquisition Total Checkouts Full call number Barcode Date last seen Date last checked out Price effective from Koha item type
          Central Library (CL) Central Library (CL) General Stacks 10/16/2001 Donation 1 297.48092 QAD SEECS001414 01/20/2020 05/16/2016 01/05/2017 Book
© 2023 Central Library, National University of Sciences and Technology. All Rights Reserved.